[Event "Norway Masters blitz 10th"]
[Site "Stavanger"]
[Date "2022.05.30"]
[Round "4"]
[White "Topalov, Veselin"]
[Black "Mamedyarov, Shakhriyar"]
[Result "0-1"]
[WhiteElo "2730"]
[BlackElo "2759"]
[PlyCount "82"]
[EventDate "2022.05.30"]
[EventType "tourn (blitz)"]
[EventRounds "9"]
[EventCountry "NOR"]
[EventCategory "21"]
[SourceTitle "CBM 209"]
[Source "ChessBase"]
[SourceDate "2022.08.31"]
[SourceVersion "1"]
[SourceVersionDate "2022.08.31"]
[SourceQuality "1"]

1. c4 e5 2. b3 g6 3. Bb2 Bg7 4. Nf3 Nc6 5. e3 d6 6. Be2 f5 7. d4 e4 8. Nfd2 Nf6 9. a3 0-0 10. Nc3 Ne7 11. d5 c5 12. dxc6 bxc6 13. b4 g5 14. Nb3 f4 15. Qd2 Kh8 16. 0-0-0 d5 17. Na4 Nf5 18. g4 fxe3 19. fxe3 Nh4 20. h3 Qe8 21. Qc2 Be6 22. Nac5 Bg8 23. Na5 Rc8 24. Rhf1 Qg6 25. Kb1 dxc4 26. Nxc4 Nd5 27. Nxe4 Ng2 28. Ned6 Qxc2+ 29. Kxc2 Ndxe3+ 30. Kb1 Nxd1 31. Bxg7+ Kxg7 32. Rxd1 Rcd8 33. Nf5+ Kh8 34. Ncd6 Nf4 35. Bf1 Nd5 36. Kb2 Rxd6 37. Nxd6 Ne3 38. Re1 Nxf1 39. Nf5 Nd2 40. Kc3 Nc4 41. a4 Nb6 0-1